000 01841cam a2200277 4500500
005 20251228051630.0
041 _afre
042 _adc
100 1 0 _aBourdet-Loubère, Sylvie
_eauthor
700 1 0 _aMazoyer, Anne-Valérie
_eauthor
245 0 0 _aL'infertilité comme analyseur de la parentalité
260 _c2011.
500 _a33
520 _aRésuméLa souffrance des couples « en mal d’enfant », les difficultés du parcours thérapeutique et la construction de la parentalité dans ces situations inédites sont éclairées par une présentation de situations cliniques rencontrées dans un service d’Aide Médicale à la Procréation (AMP). Les auteurs évoquent par exemple la demande d’un enfant « coûte que coûte », l’idéalisation de l’enfant issu de l’AMP ou encore le choix de l’adoption.
520 _aInfertility as the Analyser of ParenthoodThe suffering of couples “pining for children”, the difficulties along the therapeutic journey and the construction of parenthood in these new situations are enlightened by a presentation of clinical situations encountered during a mission with Medical Assistance to Procreation (MAP). The authors describe, for example, a “whatever it costs” demand for a child, the idealized image of a child born as a result of MAP and also the choice of adoption.
690 _aadoption
690 _aaide médicale à la procréation (AMP)
690 _ainfertilité
690 _aparentalité
690 _aadoption
690 _ainfertility
690 _amedical assistance to procreation (MAP)
690 _aparenting
786 0 _nCahiers de psychologie clinique | 37 | 2 | 2011-10-15 | p. 123-147 | 1370-074X
856 4 1 _uhttps://shs.cairn.info/revue-cahiers-de-psychologie-clinique-2011-2-page-123?lang=fr&redirect-ssocas=7080
999 _c1581937
_d1581937